Family / (Record no. 134838)

MARC details
000 -LEADER
fixed length control field 00642nam a22002297a 4500
005 - DATE AND TIME OF LATEST TRANSACTION
control field 20170124110235.0
010 ## - LIBRARY OF CONGRESS CONTROL NUMBER
LC control number 414790
020 ## - INTERNATIONAL STANDARD BOOK NUMBER
Terms of availability 00.00
035 ## - SYSTEM CONTROL NUMBER
System control number 414790
037 ## - SOURCE OF ACQUISITION
Source of stock number/acquisition Cen Lib/Ret
040 ## - CATALOGING SOURCE
Original cataloging agency DPL
Language of cataloging EN
082 ## - DEWEY DECIMAL CLASSIFICATION NUMBER
Classification number 301.42
Item number MEA
100 ## - MAIN ENTRY--PERSONAL NAME
Personal name Mead, Margaret
9 (RLIN) 41923
245 ## - TITLE STATEMENT
Title Family /
Statement of responsibility, etc by Margaret Mead [and] Ken Heyman
260 ## - PUBLICATION, DISTRIBUTION, ETC. (IMPRINT)
Place of publication, distribution, etc New York
Name of publisher, distributor, etc The Macmillan Company
Date of publication, distribution, etc 1965
270 ## - ADDRESS
City New York
300 ## - PHYSICAL DESCRIPTION
Extent 208p.:
Dimensions 26cm(Hb)
Other physical details ill.
650 ## - SUBJECT ADDED ENTRY--TOPICAL TERM
Topical term or geographic name as entry element Social science
General subdivision Society care
9 (RLIN) 41924
650 ## - SUBJECT ADDED ENTRY--TOPICAL TERM
Topical term or geographic name as entry element Parental care
9 (RLIN) 41925
700 ## - ADDED ENTRY--PERSONAL NAME
Personal name Heyman, Ken
9 (RLIN) 41919
942 ## - ADDED ENTRY ELEMENTS (KOHA)
Source of classification or shelving scheme Dewey Decimal Classification
Koha item type English Books
Classification part 730.95443
Call number suffix SHA
Holdings
Withdrawn status Lost status Damaged status Not for loan Home library Current library Date acquired Source of acquisition Cost, normal purchase price Total Checkouts Full call number Barcode Date last seen Copy number Cost, replacement price Price effective from Koha item type
        Central Library Central Library 31/07/2015 Cen Lib/Ret 0.00   301.42 MEA 414790 31/07/2015 1 0.00 31/07/2015 English Books

© Delhi Public Library
Hit Counter
free hit counter